| 000 | 00844cab a2200265 4500 | ||
|---|---|---|---|
| 001 | ABS54559 | ||
| 008 | 090401t1996 xxu||||| |||| 00| 0 eng d | ||
| 035 | _a(Sirsi) u11100 | ||
| 041 | _aeng | ||
| 100 | _aGronow, J. | ||
| 245 | _aLANDSIM: A regulatory tool for the assessment of landfill site design | ||
| 260 | _c1996 | ||
| 350 | _a0 | ||
| 490 |
_aWastes Management _vFebruary 1996, 30-32(2) |
||
| 520 | _aReview of LANDSIM stand-alone Windows package that provides risk assessment for the impact of landfill sites on groundwater. | ||
| 650 | _aGROUNDWATER | ||
| 650 | _aLANDFILL SITES | ||
| 650 | _aLANDSIM | ||
| 650 | _aRISK ASSESSMENT | ||
| 650 | _aWASTE MANAGEMENT | ||
| 690 | _aENVIRONMENTAL AND LAND CONSULTANCY | ||
| 690 | _aMANAGEMENT-BUSINESS MANAGEMENT-INFORMATION MANAGEMENT | ||
| 942 | _n0 | ||
| 948 | _c04/03/1997 | ||
| 999 |
_c7073 _d7073 |
||